| 000 | 00999nam a22002777a 4500 | ||
|---|---|---|---|
| 005 | 20240830084020.0 | ||
| 008 | 240830b ||||| |||| 00| 0 eng d | ||
| 020 | _a9780198825586 | ||
| 040 |
_aCO-BoUCM _cDavid Moreno _dDavid Moreno |
||
| 041 | _aeng | ||
| 060 | _aW 740 | ||
| 100 | 1 | 0 |
_aEastman, Nigel _9182372 |
| 245 | 1 |
_aForensic psychiatry _cNigel Eastman, Gwen Adshead, Simone Fox … [y otros tres] |
|
| 260 |
_aOxford _bOxford University Press _c2019 |
||
| 300 | _axvi, 691 Paginas | ||
| 490 | _aOxford specialist handbooks in psychiatry | ||
| 504 | _aIncluye referencias bibliográficas e índices | ||
| 650 | 1 | 4 |
_aPsiquiatría forense _zGran Bretaña _9182373 |
| 650 | 1 | 4 |
_aPsiquiatría forense _zIrlanda _9182374 |
| 700 | 1 |
_aAdshead, Gwen _9182375 |
|
| 700 | 1 |
_aFox, Simeone _9182376 |
|
| 700 | 1 |
_aLatham, Richard _9182377 |
|
| 700 | 1 |
_aWhyte, Sean _9182378 |
|
| 700 | 1 |
_aKate Williams, Hannah _9182379 |
|
| 942 |
_2DEWEY _a8 _cLIBRO _e1 _hW 740 _mE13f _n0 |
||
| 999 |
_c324617 _d324617 |
||